000 00370nam a2200145Ia 4500
008 231129s1984||||xx |||||||||||||| ||spa||
020 _a84-8280-719-6
040 _bspa
082 _aF843 V531hi
100 _aVerne Julio
245 0 _aLos hijos del capitan Grant
260 _c1984
264 _aOveja Negra
942 _2ddc
_cBKS
999 _c19731
_d19731